Covid-19 a soukromé právo otázky a odpovědi

Bibliographic Details
Main Author: Selucká, Markéta, 1971- (Author)
Format: Book
Language:Czech
PhysicalDescription:ix, 94 strán 20 cm
Published: V Praze C.H. Beck 2020
ISBN:9788074008085
Edition:1. vydání
Subjects:

MARC

LEADER 00000cam a2200000 4500
001 vtls012062009
003 SK-MaSNL
005 20260425232147.0
008 210715s2020 xr grin 000 0 cze
020 |a 9788074008085  |q (brožované) 
040 |a SNK  |b slo  |c SNK  |e rda 
041 0 |a cze 
043 |a e-xr--- 
044 |a xr  |c CZ 
072 7 |a 347  |x Súkromné právo  |2 konspekt 
080 |a 616.9:578.834  |2 2011 
080 |a 34  |2 2011 
080 |a 616-036.21  |2 2011 
080 |a 347  |2 2011 
080 |a (437.3)  |2 2011 
080 |a (035)  |2 2011 
100 1 |a Selucká, Markéta,  |d 1971-  |4 aut  |9 171717 
245 1 0 |a Covid-19 a soukromé právo  |b otázky a odpovědi  |c Selucká a kol. 
250 |a 1. vydání 
264 1 |a V Praze  |b C.H. Beck  |c 2020 
300 |a ix, 94 strán  |c 20 cm 
336 |a text  |b txt  |2 rdacontent 
337 |a bez média  |b n  |2 rdamedia 
338 |a zväzok  |b nc  |2 rdacarrier 
504 |a Obsahuje bibliografické odkazy ; register 
650 0 7 |a COVID-19  |2 SNKPH  |9 201532 
650 0 7 |a COVID-19 (Disease)  |2 SNKPHeng  |9 311511 
650 0 7 |a právne aspekty  |2 SNKPH  |9 3869 
650 0 7 |a Legal aspects  |2 SNKPHeng  |9 339638 
650 0 7 |a pandémie  |2 SNKPH  |9 59320 
650 0 7 |a Pandemics  |2 SNKPHeng  |9 311510 
650 0 7 |a súkromné právo  |2 SNKPH  |9 2244 
650 0 7 |a Privat law  |2 SNKPHeng  |9 336131 
651 7 |a Česko  |2 SNKPHgeo  |9 16753 
651 7 |a Czechia  |2 SNKPHeng  |9 170107 
655 7 |a príručky  |2 SNKPH  |9 74364 
655 7 |a Handbooks, manuals, etc.  |2 SNKPHeng  |9 90964 
852 |a Štátna vedecká knižnica v Banskej Bystrici 
919 |a 978-80-7400-808-5 
958 |a NB 
958 |a CZ 
999 |c 730894  |d 732824 
952 |t snkSEL 347  |a SNKUST  |b SNKUST  |y PREZ  |7 0  |p 17A1467132  |o snkID 101984  |i snk2021/15827  |8 4  |g 11.08  |0 0  |1 0  |4 0  |d 2021-07-15  |l 0  |r 2025-04-30 00:00:00  |w 2026-02-23